zpět

Detail výsledku týmu

U Fleka, Olomouc

Datum a čas kvízu

27.5 Celkem bodů Celkový počet nahraných bodů na tomto kvízu bez doplňovacích otázek.
5. Pořadí na kvízu Konečné umístění týmu na tomto kvízu.

Zaznamenané odpovědi

# Otázka Odpověď Body Výsledky
1. Ředitel pražské zoologické zah... Miroslav Bobek 0
2. Minulé pondělí byly oznámeny k... Moldavsko (Moldávie) 1
3. Na filmovém festivalu v Curych... Byla vytvořena umělou inteligencí (AI). 1
4. Minulý týden jsme se dozvěděli... Allwyn 0
5. Nejvyšší česká fotbalová liga... FC Viktoria Plzeň, FK Pardubice 1
6. Wikipedii s nejvyšší pravděpod... z havajštiny 0
7. Fanoušci kvízu občas jistě se... D 1
8. Dobrým zdrojem informací jsou... Jsi chytřejší než páťák? 1
9. Mnemotechnické pomůcky se hodí... barvy duhy (pořadí) 1
10. Někdy však k úspěchu v kvízu s... 1C 2A 3B 4D 0